All Dimension 20 Players - Statistics

General Stats
  • This quiz has been taken 13 times
  • The average score is 30 of 53
Answer Stats
Campaign Player % Correct
The Unsleeping City + 8 Ally Beardsley
100%
Game Master (19) Brennan Lee Mulligan
100%
Neverafter + 7 Zac Oyama
100%
Misfits and Magic + 5 Aabria Iyengar
92%
Fantasy High + 6 Brian Murphy
92%
Cloudward, Ho! + 6 Emily Axford
92%
Mentopolis Hank Green
92%
The Seven + 3 Isabella Roland
92%
A Starstruck Odyssey + 8 Lou Wilson
92%
A Crown of Candy + 7 Siobhan Thompson
92%
Escape from the Bloodkeep + 4 Erika Ishii
83%
Ravening War + 2 Matthew Mercer
83%
Dungeons and Drag Queens Bob the Drag Queen
75%
Mice & Murder Katie Marovitch
75%
Escape from the Bloodkeep + 1 Michael Trapp
75%
Mentopolis + 1 Alex Song-Xia
67%
The Seven Becca Scott
67%
Escape from the Bloodkeep + 2 Ify Nwadiwe
67%
Never Stop Blowing Up Jacob Wysocki
67%
A Court of Fey and Flowers Oscar Montoya
67%
Escape from the Bloodkeep + 3 Rekha Shankar
67%
Mice & Murder Sam Reich
67%
Dungeons and Drag Queens Alaska Thunder...
58%
Titan Takedown Chelsea Green
58%
Misfits and Magic + 1 Danielle Radford
58%
Mentopolis Freddie Wong
58%
Tiny Heist Jessica Ross
58%
Dungeons and Drag Queens Jujubee
58%
Tiny Heist + 1 Lily Du
58%
The Seven Persephone Valentine
58%
Burrows End Rashawn Scott
58%
Escape from the Bloodkeep Amy Vorpahl
50%
Pirates of Leviathan + 1 Carlos Luna
50%
Mice & Murder Grant O'Brien
50%
Dungeons and Drag Queens Monet X Change
50%
Mice & Murder Raphael Chestang
42%
Tiny Heist Travis McElroy
42%
Ravening War Anjali Bhimani
33%
Pirates of Leviathan B. Dave Walters
33%
Tiny Heist Clint McElroy
33%
Tiny Heist Griffin McElroy
33%
Coffin Run Jasmine Bhullar
33%
Burrows End Jasper Cartwright
33%
Tiny Heist Justin McElroy
33%
Pirates of Leviathan Marisha Ray
33%
Shriek Week Dani Fernandez
25%
Shriek Week Gabe Hicks
25%
Pirates of Leviathan Krystina Arielle
25%
A Court of Fey and Flowers Omar Najam
25%
A Court of Fey and Flowers Surena Marie
25%
Titan Takedown Kofi Kingston
17%
Titan Takedown Bayley
8%
Titan Takedown Xavier Woods
8%
No matching quizzes found
Score Distribution
Percent of People with Each Score
Percentile by Number Answered
Your Score History
You have not taken this quiz